| 000 | 01909nam0a2200349 4500 | ||
|---|---|---|---|
| 001 | RU\NLR\BIBL_A\022392477 | ||
| 005 | 20260420022211.0 | ||
| 010 |
_a978-5-09-118897-4 _9368 |
||
| 021 |
_aRU _bКН-П-24-064050 _9КН-П-24-6365 |
||
| 035 | _a(NLR Aleph) 022392477 | ||
| 090 |
_a13670493 _c13670493 |
||
| 100 | _a20241127d2024 d y0rusy50 ca | ||
| 101 | 0 | _arus | |
| 102 | _aRU | ||
| 105 | _aa z 000zy | ||
| 181 | 0 |
_ai _baxxe |
|
| 182 | 0 | _an | |
| 200 | 1 |
_aРусский язык _e7 класс _eуровень А1.1. _e1-й год обучения _eметодическое пособие _eкнига для учителей Сирийской Арабской Республики _fА. Д. Дейкина, Р. В. Захаров, О. Н. Левушкина [и др.] _gМинистертсво просвещения Российской Федерации, Министерство просвещения Сирийской Арабской Республики |
|
| 203 |
_aТекст _bвизуальный _cнепосредственный |
||
| 210 |
_aМосква _cПросвещение _d2024 |
||
| 215 |
_a79 с. _cил., табл. _d21 |
||
| 225 | 1 | _aМеждународный русский язык | |
| 300 | _aАвт. указаны на обороте тит. с. | ||
| 606 | 1 |
_aРусский язык _jМетодические пособия _xПреподавание нерусским _xСредняя школа _92449061 _3RU\NLR\AUTH\661456273 |
|
| 686 | 1 | _aЧ426.132я8 | |
| 701 | 1 |
_aДейкина _bА. Д. _f1939- _gАлевтина Дмитриевна _9145470 _3RU\NLR\AUTH\770145506 |
|
| 701 | 1 |
_aЗахаров _bР. В. _gРуслан Викторович |
|
| 701 | 1 |
_aЛевушкина _bО. Н. _gОльга Николаевна |
|
| 942 | _cBOOK | ||
| 980 | _aNB | ||